Implementación de la tecnología Data Warehouse en el Banco de la Producción S.A

Presenta implementación de la tecnología data warehouse en el Banco de la Producción, con el propósito de brindar información necesaria de forma oportuna que soporte el proceso de toma de decisiones gerenciales. Define la plataforma (hardware, software que se integrara para el desarrollo e impl...

Full description

Bibliographic Details
Main Author: Palacios Palacios, Adriana Araly
Other Authors: Tutor: Espinoza Aragón; Evelyn del Carmen
Format: Tesis Section = Libro
Language:Undetermined
Spanish
Published: Managua UNI 2006
Subjects:
LEADER 01334nam a2200241Ia 4500
008 240830s9999 xx 000 0 und d
040 |a BIBLIOTECA-RUPAP Mon 025.04 P153 
041 |a spa 
082 |a Mon 025.04 P153 
100 1 |a Palacios Palacios, Adriana Araly 
245 1 0 |a Implementación de la tecnología Data Warehouse en el Banco de la Producción S.A 
260 |a Managua  |b UNI  |c 2006 
300 |a 169 p. :il. 
502 |a Tesis (Ingeniero de Sistemas)- UNI, 2006. 
520 3 |a Presenta implementación de la tecnología data warehouse en el Banco de la Producción, con el propósito de brindar información necesaria de forma oportuna que soporte el proceso de toma de decisiones gerenciales. Define la plataforma (hardware, software que se integrara para el desarrollo e implementación del Dw en banpro). Establece un plan de implementación del DW en Banpro iniciando con el desarrollo de los datamart de captación y colocación. 
650 7 |a SISTEMA DE INFORMACIÓN AUTOMATIZADA - DATA WAREHOUSE - BANPRO 
650 7 |b TECNOLOGÍA DATA WAREHOUSE - BANPRO 
650 7 |c ESTUDIO DE VIABILIDAD - DATA WAREHOUSE - BANPRO 
650 7 |d ANÁLISIS Y DISEÑO DE SISTEMAS DATA WARE HOUSE BANPRO 
700 1 |a Tutor:  |b Espinoza Aragón; Evelyn del Carmen 
942 |c BK  |2 ddc 
991 |a TESIS 
999 |c 15383